<?xml version="1.0" encoding="UTF-8"?>
<record
    xmlns:xsi="http://www.w3.org/2001/XMLSchema-instance"
    xsi:schemaLocation="http://www.loc.gov/MARC21/slim http://www.loc.gov/standards/marcxml/schema/MARC21slim.xsd"
    xmlns="http://www.loc.gov/MARC21/slim">

  <leader>01935nam a2200157   4500</leader>
  <controlfield tag="008">701.17 K19e</controlfield>
  <datafield tag="020" ind1=" " ind2=" ">
    <subfield code="a">9789876297301</subfield>
  </datafield>
  <datafield tag="082" ind1=" " ind2=" ">
    <subfield code="a">701.17</subfield>
    <subfield code="b">K19e</subfield>
  </datafield>
  <datafield tag="100" ind1=" " ind2=" ">
    <subfield code="a">Katzenstein, In&#xE9;s </subfield>
    <subfield code="9">1361</subfield>
  </datafield>
  <datafield tag="110" ind1=" " ind2=" ">
    <subfield code="a">Iglesias, Claudio (compilaci&#xF3;n)</subfield>
    <subfield code="9">7195</subfield>
  </datafield>
  <datafield tag="245" ind1=" " ind2=" ">
    <subfield code="a">&#xBF;Es el arte un misterio o un ministerio?</subfield>
    <subfield code="b">el arte contempor&#xE1;neo frente a los desaf&#xED;os del profesionalismo</subfield>
  </datafield>
  <datafield tag="260" ind1=" " ind2=" ">
    <subfield code="a">Argentina</subfield>
    <subfield code="b">Siglo veintiuno</subfield>
    <subfield code="c">2017</subfield>
  </datafield>
  <datafield tag="300" ind1=" " ind2=" ">
    <subfield code="a">240 p.</subfield>
    <subfield code="c">21 x 14 cm</subfield>
  </datafield>
  <datafield tag="505" ind1=" " ind2=" ">
    <subfield code="t">Introducci&#xF3;n</subfield>
    <subfield code="r">In&#xE9;s Katzenstein y Claudio Iglesias</subfield>
    <subfield code="t">Misterio</subfield>
    <subfield code="t">Por qu&#xE9; todo arte es teatral: un nuevo comienzo con Michael Fried</subfield>
    <subfield code="r">Graham Harman</subfield>
    <subfield code="t">Ministerio</subfield>
    <subfield code="t">El arte debe ser un actor estatal</subfield>
    <subfield code="r">Suhail Malik </subfield>
    <subfield code="t">Figuras de artista</subfield>
    <subfield code="t">Pol&#xED;tica, ense&#xF1;anza del arte y mercado global en el campo de las artes visuales en Chile </subfield>
    <subfield code="r">Guillermo Machuca</subfield>
    <subfield code="t">Federico Klemm. Etapas del artista entretainer</subfield>
    <subfield code="r">Claudio Iglesias</subfield>
    <subfield code="t">Jorge Gumier Maier: un curador central, a contrapelo de la historia </subfield>
    <subfield code="r">In&#xE9;s Katzenstein </subfield>
    <subfield code="t">Tensiones entre posiciones est&#xE9;ticas, instituciones y mercado a trav&#xE9;s de la trayectoria de Robert Jacoby </subfield>
    <subfield code="r">Lucas Rubinich </subfield>
    <subfield code="t">Album: Selecciones 2015 </subfield>
    <subfield code="r">Sarah Demeuse</subfield>
    <subfield code="t">Nostalgia Cr&#xED;tica</subfield>
    <subfield code="t">La ilusi&#xF3;n perenne de principios vulnerables: &#xBF;agente de servicio o potencia de redenci&#xF3;n?</subfield>
    <subfield code="r">Guillermo Santamarina </subfield>
    <subfield code="t">Per&#xFA;: cultura es lo que te hacen </subfield>
    <subfield code="r">Rodrigo Quijano </subfield>
    <subfield code="t">Escritos contraproductivos</subfield>
    <subfield code="r">Osvaldo Baigorria </subfield>
    <subfield code="t">Supersticiones cr&#xED;ticas </subfield>
    <subfield code="r">Graciela Speranza </subfield>
    <subfield code="t">Peque&#xF1;a conferencia por el dinero</subfield>
    <subfield code="r">Luciana Acu&#xF1;a y Alejo Moguilansky </subfield>
    <subfield code="t">Visiones y Utop&#xED;as</subfield>
    <subfield code="t">Idiosincracia contra el algoritmo </subfield>
    <subfield code="r">Chus Mart&#xED;nez</subfield>
    <subfield code="t">No saber </subfield>
    <subfield code="r">Joe Scanlan </subfield>
    <subfield code="t">"Las odio m&#xE1;s que a los leprosos y voy a matarlas en sus coches". Contracultura y Silicon Valley ante, entre y m&#xE1;s all&#xE1; de uso y el "acceso a las herramientas"</subfield>
    <subfield code="r">Diedrich Diederischen </subfield>
    <subfield code="t">Final </subfield>
    <subfield code="t">La verdad del arte </subfield>
    <subfield code="r">Boris Groys</subfield>
    <subfield code="t">Acerca de los autores </subfield>
  </datafield>
  <datafield tag="650" ind1=" " ind2=" ">
    <subfield code="x">arte contempor&#xE1;neo</subfield>
    <subfield code="x">arte - filosof&#xED;a </subfield>
    <subfield code="x">arte - pensamiento</subfield>
    <subfield code="x">arte - est&#xE9;tica </subfield>
    <subfield code="9">7196</subfield>
  </datafield>
  <datafield tag="999" ind1=" " ind2=" ">
    <subfield code="c">1854</subfield>
    <subfield code="d">1854</subfield>
  </datafield>
  <datafield tag="952" ind1=" " ind2=" ">
    <subfield code="0">0</subfield>
    <subfield code="1">0</subfield>
    <subfield code="2">ddc</subfield>
    <subfield code="4">0</subfield>
    <subfield code="7">0</subfield>
    <subfield code="a">LV</subfield>
    <subfield code="b">LV</subfield>
    <subfield code="c">Pensamiento</subfield>
    <subfield code="d">2019-10-02</subfield>
    <subfield code="l">0</subfield>
    <subfield code="o">701.17 K19e</subfield>
    <subfield code="r">2019-10-02 00:00:00</subfield>
    <subfield code="w">2019-10-02</subfield>
    <subfield code="y">01</subfield>
  </datafield>
</record>
